<?xml version="1.0" encoding="UTF-8"?>
<record
    xmlns:xsi="http://www.w3.org/2001/XMLSchema-instance"
    xsi:schemaLocation="http://www.loc.gov/MARC21/slim http://www.loc.gov/standards/marcxml/schema/MARC21slim.xsd"
    xmlns="http://www.loc.gov/MARC21/slim">

  <leader>00959nam a2200265 a 4500</leader>
  <controlfield tag="001">000024053</controlfield>
  <controlfield tag="005">20200930022658.0</controlfield>
  <controlfield tag="008">110118s1982    ag            000 0 spa d</controlfield>
  <datafield tag="020" ind1=" " ind2=" ">
    <subfield code="a">9688002658</subfield>
  </datafield>
  <datafield tag="040" ind1=" " ind2=" ">
    <subfield code="a">DO-SdBNP</subfield>
    <subfield code="b">spa</subfield>
    <subfield code="c">BNPHU</subfield>
  </datafield>
  <datafield tag="082" ind1=" " ind2=" ">
    <subfield code="a">985</subfield>
    <subfield code="b">P171t</subfield>
  </datafield>
  <datafield tag="100" ind1="1" ind2=" ">
    <subfield code="a">Palma, Ricardo.</subfield>
    <subfield code="9">49423</subfield>
  </datafield>
  <datafield tag="245" ind1="1" ind2="0">
    <subfield code="a">Tradiciones peruanas /</subfield>
    <subfield code="c">Ricardo Palma ; pr&#xF3;logo, selecci&#xF3;n y notas de Oscar Zorrilla.</subfield>
  </datafield>
  <datafield tag="260" ind1=" " ind2=" ">
    <subfield code="a">M&#xE9;xico, D. F. :</subfield>
    <subfield code="b">SEP:</subfield>
    <subfield code="b">UNAM,</subfield>
    <subfield code="c">1982.</subfield>
  </datafield>
  <datafield tag="300" ind1=" " ind2=" ">
    <subfield code="a">281 p. ;</subfield>
    <subfield code="c">21 cm.</subfield>
  </datafield>
  <datafield tag="490" ind1="1" ind2=" ">
    <subfield code="a">Cl&#xE1;sicos americanos</subfield>
    <subfield code="v">12</subfield>
  </datafield>
  <datafield tag="500" ind1=" " ind2=" ">
    <subfield code="a">Incluye referencias bibliogr&#xE1;ficas y notas al pie de las p&#xE1;ginas</subfield>
  </datafield>
  <datafield tag="650" ind1=" " ind2="4">
    <subfield code="a">Leyendas</subfield>
    <subfield code="z">Per&#xFA;</subfield>
    <subfield code="9">15658</subfield>
  </datafield>
  <datafield tag="650" ind1=" " ind2="4">
    <subfield code="a">Leyendas peruanas</subfield>
    <subfield code="9">15659</subfield>
  </datafield>
  <datafield tag="700" ind1="1" ind2="2">
    <subfield code="a">Zorrilla, Oscar,</subfield>
    <subfield code="e">pr&#xF3;l.</subfield>
    <subfield code="9">49424</subfield>
  </datafield>
  <datafield tag="710" ind1="1" ind2=" ">
    <subfield code="a">M&#xE9;xico. Secretaria de Educaci&#xF3;n P&#xFA;blica</subfield>
    <subfield code="9">49425</subfield>
  </datafield>
  <datafield tag="710" ind1="2" ind2=" ">
    <subfield code="a">Universidad Nacional Aut&#xF3;noma de M&#xE9;xico</subfield>
    <subfield code="9">42447</subfield>
  </datafield>
  <datafield tag="830" ind1=" " ind2="0">
    <subfield code="a">Cl&#xE1;sicos americanos</subfield>
    <subfield code="n">12</subfield>
    <subfield code="9">49426</subfield>
  </datafield>
  <datafield tag="910" ind1=" " ind2=" ">
    <subfield code="a">Validado. Control de calidad MFF</subfield>
  </datafield>
  <datafield tag="952" ind1=" " ind2=" ">
    <subfield code="0">0</subfield>
    <subfield code="1">0</subfield>
    <subfield code="5">4</subfield>
    <subfield code="7">0</subfield>
    <subfield code="8">MO</subfield>
    <subfield code="a">GR</subfield>
    <subfield code="b">GR</subfield>
    <subfield code="c">HD</subfield>
    <subfield code="d">2011-01-18</subfield>
    <subfield code="i">LF1</subfield>
    <subfield code="l">0</subfield>
    <subfield code="o">985 P171t</subfield>
    <subfield code="p">24053-10</subfield>
    <subfield code="r">2020-06-25</subfield>
    <subfield code="w">2020-06-25</subfield>
    <subfield code="y">4</subfield>
    <subfield code="Z">Pr&#xE9;stamo en sala</subfield>
  </datafield>
  <datafield tag="999" ind1=" " ind2=" ">
    <subfield code="c">23548</subfield>
    <subfield code="d">23548</subfield>
  </datafield>
</record>
